GATE test series and previous year solved papers electronics and communication engineering / (Record no. 103457)

MARC details
000 -LEADER
fixed length control field 00702nam a22002057a 4500
005 - DATE AND TIME OF LATEST TRANSACTION
control field 20160920143848.0
010 ## - LCCN (DPL NO)
LC control number ENG-116017
020 ## - INTERNATIONAL STANDARD BOOK NUMBER
International Standard Book Number 9789352603282
Terms of availability 350.00
020 ## - INTERNATIONAL STANDARD BOOK NUMBER
International Standard Book Number 9352603281
Terms of availability 350.00
035 ## - SYSTEM CONTROL NUMBER
System control number EN-99549
037 ## - SOURCE OF ACQUISITION
Source of stock number/acquisition DBAD/PUB
082 ## - DEWEY DECIMAL CLASSIFICATION NUMBER
Classification number 621.381
100 ## - MAIN ENTRY--PERSONAL NAME
Personal name Gateforum
245 ## - TITLE STATEMENT
Title GATE test series and previous year solved papers electronics and communication engineering /
Remainder of title by Gateforum
260 ## - PUBLICATION, DISTRIBUTION, ETC. (IMPRINT)
Place of publication, distribution, etc Noida
Name of publisher, distributor, etc McGraw Hill Education
Date of publication, distribution, etc 2017
270 ## - ADDRESS
Address B-4, Sector-63, Dist. Gautam Budh Nagar
City Noida
Postal code 201301
300 ## - PHYSICAL DESCRIPTION
Extent 440p :
Dimensions 24 cm (pbk)
Other physical details ill
490 ## - SERIES STATEMENT
Series statement A division of thinkcell GATEORUM engineering success
942 ## - ADDED ENTRY ELEMENTS (KOHA)
Source of classification or shelving scheme Dewey Decimal Classification
Item type English Books
Classification part 621.381
Call number suffix GAT
Holdings
Withdrawn status Lost status Not for loan Collection code Home library Current library Date acquired Source of acquisition Cost, normal purchase price Full call number Barcode Copy number Cost, replacement price Koha item type
    Not For Loan Non-fiction D.B.Act.Division D.B.Act.Division 20/09/2016 DBAD/PUB 350.00 621.381 GAT EN-99549 1 350.00 English Books

© Delhi Public Library
Hit Counter
free hit counter